000 00562nam a22002057a 4500
999 _c6591
_d6591
003 OSt
005 20200205120731.0
008 200205b ||||| |||| 00| 0 eng d
020 _a0334026865
040 _c040a
082 _a354
_bKUN 1997
100 _aKung, Hans
_913565
245 _aA global ethic for global politics and economics /
_cHans Kung
260 _aLondon
_bSCM Press ltd
_c1997
300 _axvii, 315p;
_c15cm.
504 _aIncludes bibliographical references and index
650 _2Politics
650 _2Economics
942 _2ddc
_cO_SHELF